000
00299nam a2200157Ia 4500
100
_a
Hunter/David
250
_a
4
942
_c
BK
366
_f
25
654
_a
xml
245
_a
Beginning XML
260
_b
Wiley India
_c
2007
300
_a
1039
546
_a
ENGLISH
_c
Computers
999
_c
19239
_d
19239